[Event "GER-chT Federal Cup (Women)"]
[Site "Braunfels"]
[Date "2016.05.28"]
[Round "4.7"]
[White "Weiten, Katharina"]
[Black "Degens, Justine"]
[Result "0-1"]
[WhiteElo "1151"]
[BlackElo "1380"]
[PlyCount "66"]
[EventDate "2016.05.26"]
[EventType "team-swiss"]
[EventRounds "5"]
[EventCountry "GER"]
[SourceTitle "EXT 2019"]
[Source "ChessBase"]
[SourceDate "2018.10.10"]
[SourceVersion "1"]
[SourceVersionDate "2018.10.10"]
[SourceQuality "1"]
[WhiteTeam "Saarland Schleswig Holstein (W)"]
[BlackTeam "Nordrhein Westfalen (W) II"]
[WhiteTeamCountry "GER"]
[BlackTeamCountry "GER"]

1. e4 e5 2. Nf3 Nc6 3. Nc3 Nf6 4. Bc4 Bc5 5. d3 h6 6. Be3 Bb6 7. Qd2 d6 8. h3 Be6 9. Bb5 a6 10. Ba4 Bxe3 11. fxe3 b5 12. Nxb5 axb5 13. Bxb5 Bd7 14. Qc3 Ne7 15. Bc4 0-0 16. 0-0 c6 17. Rad1 Rb8 18. a3 Qb6 19. Rfe1 Qxb2 20. Qxb2 Rxb2 21. Bb3 c5 22. Rb1 Rxb1 23. Rxb1 Ra8 24. Ra1 Ba4 25. d4 exd4 26. exd4 c4 27. e5 dxe5 28. dxe5 cxb3 29. exf6 gxf6 30. c3 Rd8 31. Nd4 Nc6 32. Nf5 b2 33. Rb1 Rd1+ 0-1